| 000 | 01196cam a22003737a 4500 | ||
|---|---|---|---|
| 003 | CHAP | ||
| 005 | 20220817043138.0 | ||
| 008 | 971013s1986 r 00010 d | ||
| 010 | _a66776 | ||
| 011 | _a67748 | ||
| 035 | _a77220 | ||
| 040 | _cCHAP | ||
| 082 |
_a631.44 _bF34 |
||
| 110 | _aFAO | ||
| 245 | 0 | _aSoil survey investigations for irrigation | |
| 260 |
_aRome : _bFAO, _c1986 |
||
| 300 |
_a188 p. _b: gráfs. |
||
| 490 | 0 |
_aFAO. Boletín de suelos _v; 42 |
|
| 590 |
_aBATCH-UPD _b10 _c20130110 _lUCH01 _h0041 |
||
| 590 |
_aBATCH-UPD _b10 _c20130110 _lUCH01 _h1109 |
||
| 590 |
_aBATCH-UPD _b10 _c20130409 _lUCH01 _h2026 |
||
| 590 |
_aBATCH-UPD _b10 _c20130410 _lUCH01 _h0700 |
||
| 590 |
_aBATCH-UPD _b10 _c20130914 _lUCH01 _h1221 |
||
| 590 |
_aCONVERSION _b10 _c20130109 _lUCH01 _h1337 |
||
| 650 | 1 | 4 |
_aDrenaje. _934190 |
| 650 | 1 | 4 |
_aIrrigación. _960366 |
| 650 | 1 | 4 |
_aSuelos _xClasificación. _9110239 |
| 650 | 1 | 4 |
_aSuelos _xPercolación. _9110457 |
| 830 | 0 |
_aFAO. Boletín de suelos _v; 42 _939455 |
|
| 901 | _aBK | ||
| 942 | _cLIBRO | ||
| 949 |
_a631.44 F34 _bBC _cFAO _d-30085 _eFAO1 _gI.139837 _h72426 _i77220 _si |
||
| 949 |
_a631.44 F34 _bBC _cFAO _d-97334 _eFAO2 _fc.2 _gI.139838 _h72427 _i77220 _si |
||
| 999 |
_c66776 _d66776 |
||